000 00483nam a2200205Ia 4500
005 20251020182554.0
008 200515s9999 xx 000 0 und d
082 _aR/682/O28/2
110 _aEdiciones Océano
245 0 _aBiblioteca Atrium de la Herrería : Puertas, rejas y cerraduras
260 _aBarcelona
260 _c1994
300 _a117
650 _aCERRAJERIA
650 _aESCALERAS
650 _aLIB
650 _aPUERTAS
650 _aREJAS
942 _cLIB
999 _c2815
_d2815